[Event "Botvinnik Anti Meran mem."]
[Site "Montreal CAN"]
[Date "1997.11.01"]
[Round "3"]
[White "Laurain, Guy1"]
[Black "Landry, Sylvain"]
[Result "0-1"]
[WhiteElo "1984"]
[BlackElo "1978"]
[PlyCount "46"]
[GameId "2160767911874433"]
[EventDate "1997.11.01"]
[EventType "swiss"]
[EventRounds "4"]
[EventCountry "CAN"]
[SourceTitle "EXT 2022"]
[Source "ChessBase"]
[SourceDate "2021.10.06"]
[SourceVersion "1"]
[SourceVersionDate "2021.10.06"]
[SourceQuality "1"]

1. d4 d5 2. c4 c6 3. Nf3 Nf6 4. Nc3 e6 5. Bg5 dxc4 6. e4 b5 7. e5 h6 8. Bh4 g5 9. Nxg5 hxg5 10. Bxg5 Nbd7 11. exf6 Bb7 12. g3 c5 13. d5 Qb6 14. Bg2 O-O-O 15. O-O b4 16. Na4 Qb5 17. a3 Ne5 18. axb4 cxb4 19. Qe2 Rxd5 20. Be3 Rd3 21. f4 Rxe3 22. Bxb7+ Qxb7 23. Qxe3 Rxh2 0-1

[Event "Botvinnik Anti Meran mem."]
[Site "Montreal CAN"]
[Date "1997.11.01"]
[Round "4"]
[White "Gravel, Simon M"]
[Black "Bolduc, Steve"]
[Result "0-1"]
[WhiteElo "2295"]
[BlackElo "2182"]
[PlyCount "82"]
[GameId "2160767911874436"]
[EventDate "1997.11.01"]
[EventType "swiss"]
[EventRounds "4"]
[EventCountry "CAN"]
[SourceTitle "FQE 01"]

1. d4 d5 2. c4 c6 3. Nf3 Nf6 4. Nc3 e6 5. Bg5 dxc4 6. e4 b5 7. e5 h6 8. Bh4 g5 9. Nxg5 hxg5 10. Bxg5 Nbd7 11. exf6 Bb7 12. g3 c5 13. d5 Qb6 14. Bg2 O-O-O 15. O-O b4 16. Na4 Qa6 17. a3 Bxd5 18. Bxd5 Ne5 19. Qe2 Rxd5 20. axb4 cxb4 21. b3 Qc6 22. bxc4 Ra5 23. f3 Nxf3+ 24. Qxf3 Qxf3 25. Rxf3 Rxg5 26. Nb2 Bc5+ 27. Kg2 Re5 28. Ra5 Re2+ 29. Kf1 Rxb2 30. Rxc5+ Kb7 31. h4 Rd8 32. Ke1 a6 33. Re5 Kb6 34. g4 a5 35. c5+ Kc6 36. g5 a4 37. Re2 Rxe2+ 38. Kxe2 a3 39. h5 a2 40. Rf1 b3 41. g6 b2 0-1

[Event "Botvinnik Anti Meran mem."]
[Site "Montreal CAN"]
[Date "1997.11.01"]
[Round "4"]
[White "Landry, Sylvain"]
[Black "Rousseau, Daniel"]
[Result "0-1"]
[WhiteElo "1978"]
[BlackElo "2038"]
[PlyCount "68"]
[GameId "2160767911874437"]
[EventDate "1997.11.01"]
[EventType "swiss"]
[EventRounds "4"]
[EventCountry "CAN"]
[SourceTitle "FQE 01"]

1. d4 d5 2. c4 c6 3. Nf3 Nf6 4. Nc3 e6 5. Bg5 dxc4 6. e4 b5 7. e5 h6 8. Bh4 g5 9. exf6 gxh4 10. Ne5 Qxf6 11. Be2 Bb7 12. Bf3 Qe7 13. O-O Bg7 14. Re1 O-O 15. Qd2 Rd8 16. Bh5 Rf8 17. Ne4 Na6 18. Qf4 c5 19. Bxf7+ Rxf7 20. Nxf7 Qxf7 21. Qxf7+ Kxf7 22. Nd6+ Ke7 23. dxc5 Nxc5 24. Nxb5 Bxb2 25. Rab1 Bf6 26. Rec1 Bd5 27. Na3 Rg8 28. g3 hxg3 29. hxg3 Nd3 30. Rc2 Bd4 31. Nb5 Bb6 32. Kf1 Rf8 33. f4 Rg8 34. Rg2 Nxf4 0-1

[Event "British Columbia-ch"]
[Site "Vancouver CAN"]
[Date "1997.06.11"]
[Round "1"]
[White "Ferguson, Jim"]
[Black "Wright, Stephen"]
[Result "0-1"]
[WhiteElo "2217"]
[BlackElo "2183"]
[PlyCount "102"]
[GameId "2160767911965638"]
[EventDate "1997.06.11"]
[EventType "tourn"]
[EventRounds "7"]
[EventCountry "CAN"]

1. e4 Nf6 2. e5 Nd5 3. d4 d6 4. Nf3 Bg4 5. Be2 c6 6. O-O Bxf3 7. Bxf3 dxe5 8. dxe5 e6 9. Re1 Nd7 10. Nd2 Qc7 11. Nc4 N7b6 12. Qe2 Bc5 13. a4 Nxc4 14. Qxc4 Qb6 15. Qe2 a5 16. c3 h6 17. Bd2 O-O 18. Rab1 Qa7 19. Rf1 Rfd8 20. Be4 Bf8 21. Qg4 Nf6 22. exf6 Rxd2 23. Rbd1 Rad8 24. Bb1 Qxf2+ 25. Kh1 h5 26. Qe4 g6 27. Rde1 Qb6 28. Qf3 Qb3 29. Qh3 Rd1 30. Qh4 Rxe1 31. Qxe1 Qd5 32. Qg3 Bd6 33. Qe3 Qe5 34. Qh3 Bc7 35. Qh4 Rd2 36. Re1 Qf4 37. Qxf4 Bxf4 38. b3 Be5 39. Rf1 Bxf6 40. c4 Kg7 41. Be4 Bd4 42. Bf3 f5 43. Rd1 Rxd1+ 44. Bxd1 h4 45. g4 Kf6 46. Kg2 Kg5 47. gxf5 gxf5 48. Kf3 e5 49. Kg2 e4 50. Kf1 Kf4 51. Bh5 Ke3 0-1

[Event "British Columbia-ch"]
[Site "Vancouver CAN"]
[Date "1997.06.11"]
[Round "1"]
[White "Fuentebella, Mayo"]
[Black "Neufahrt, Gerhard"]
[Result "1-0"]
[WhiteElo "2250"]
[BlackElo "2198"]
[PlyCount "57"]
[GameId "2160767911965639"]
[EventDate "1997.06.11"]
[EventType "tourn"]
[EventRounds "7"]
[EventCountry "CAN"]

1. c4 e5 2. Nc3 Nf6 3. Nf3 Nc6 4. e4 d6 5. h3 h6 6. Be2 Nd4 7. O-O Nxe2+ 8. Qxe2 g5 9. Nh2 Be6 10. d3 c6 11. Be3 Rg8 12. g4 d5 13. cxd5 cxd5 14. d4 Bd6 15. exd5 Nxd5 16. Nxd5 exd4 17. Bxd4 Bxh2+ 18. Kxh2 Qxd5 19. Rad1 Qc4 20. Qe4 Qc6 21. Qh7 Ke7 22. f4 Rg6 23. Rde1 gxf4 24. Rxf4 Rf8 25. Bg7 Qc2+ 26. Kh1 Kd7 27. Rd4+ Kc8 28. Bxf8 Qf2 29. Rc1+ 1-0

[Event "British Columbia-ch"]
[Site "Vancouver CAN"]
[Date "1997.06.11"]
[Round "1"]
[White "Seid, Hee"]
[Black "Kostadinov, George"]
[Result "1/2-1/2"]
[WhiteElo "2174"]
[BlackElo "2261"]
[PlyCount "156"]
[GameId "2160767911965640"]
[EventDate "1997.06.11"]
[EventType "tourn"]
[EventRounds "7"]
[EventCountry "CAN"]

1. e4 c5 2. Nf3 a6 3. d3 Nc6 4. g3 g6 5. Bg2 Bg7 6. O-O d6 7. Nc3 Nf6 8. h3 O-O 9. Be3 Bd7 10. Qd2 Qc8 11. Kh2 Re8 12. Bh6 Bh8 13. Rae1 Rb8 14. Nh4 Ne5 15. Nd5 Nxd5 16. exd5 f5 17. Bg5 e6 18. c4 b5 19. b3 a5 20. Re2 Nf7 21. dxe6 Rxe6 22. Rxe6 Bxe6 23. Re1 Qd7 24. Bf4 Ne5 25. Nf3 Nxf3+ 26. Bxf3 Bf7 27. Qxa5 Bf6 28. Qa6 bxc4 29. dxc4 Rd8 30. h4 Kg7 31. Kg2 h6 32. Rd1 Bd4 33. b4 Qe7 34. Rd2 g5 35. hxg5 hxg5 36. Re2 Qf6 37. Bd2 g4 38. Bd5 Bxd5+ 39. cxd5 Qf7 40. Re6 Be5 41. Bh6+ Kh7 42. bxc5 Bd4 43. Bg5 Rd7 44. Qc8 Bg7 45. c6 Ra7 46. Qe8 Qxe8 47. Rxe8 Rxa2 48. c7 Bd4 49. Be3 Bxe3 50. Rxe3 Rc2 51. Re7+ Kg6 52. Rd7 Kg5 53. Kf1 f4 54. gxf4+ Kxf4 55. Rxd6 Rxc7 56. Kg2 Rg7 57. Rd8 Ke5 58. Kg3 Rf7 59. d6 Ke6 60. Rg8 Rf3+ 61. Kg2 Rf4 62. Rg6+ Kd7 63. Kf1 Re4 64. Kg1 Rd4 65. Kh2 Rf4 66. Kg2 Kc6 67. Kf1 Re4 68. Rf6 Rd4 69. Kg2 Rd5 70. Kg3 Rg5 71. Kf4 Rg7 72. Kg3 Kd7 73. Rf4 Kxd6 74. Rxg4 Re7 75. Rg6+ Ke5 76. Kg4 Rf7 77. Rg5+ Ke4 78. Rg8 Rxf2 1/2-1/2

[Event "British Columbia-ch"]
[Site "Vancouver CAN"]
[Date "1997.06.11"]
[Round "1"]
[White "Wu, Howard"]
[Black "Milicevic, Dragoljub"]
[Result "0-1"]
[WhiteElo "2108"]
[BlackElo "2245"]
[PlyCount "52"]
[GameId "2160767911965641"]
[EventDate "1997.06.11"]
[EventType "tourn"]
[EventRounds "7"]
[EventCountry "CAN"]

1. e4 d5 2. exd5 Nf6 3. c4 c6 4. d4 cxd5 5. Nc3 g6 6. Nf3 Bg7 7. Be2 O-O 8. O-O Nc6 9. Bg5 dxc4 10. Bxc4 Bg4 11. d5 Bxf3 12. Qxf3 Ne5 13. Qe2 Nxc4 14. Qxc4 Rc8 15. Qb3 Qd7 16. Rad1 Rfd8 17. Rfe1 Qf5 18. Bh4 Rd7 19. Qa3 a6 20. d6 exd6 21. Bxf6 Bxf6 22. Nd5 Rc2 23. Nxf6+ Qxf6 24. Qe3 Re7 25. Qb6 Rxb2 26. Qxb2 Rxe1+ 0-1

[Event "British Columbia-ch"]
[Site "Vancouver CAN"]
[Date "1997.06.12"]
[Round "2"]
[White "Milicevic, Dragoljub"]
[Black "Kostadinov, George"]
[Result "1-0"]
[WhiteElo "2245"]
[BlackElo "2261"]
[PlyCount "107"]
[GameId "2160767911965642"]
[EventDate "1997.06.11"]
[EventType "tourn"]
[EventRounds "7"]
[EventCountry "CAN"]

1. c4 f5 2. d4 c5 3. Nf3 Nf6 4. Nc3 g6 5. d5 d6 6. g3 Bg7 7. Bg2 O-O 8. O-O Nbd7 9. Qc2 a6 10. Rd1 Rb8 11. a4 Ng4 12. Ng5 Nde5 13. h3 Nf6 14. b3 h6 15. f4 hxg5 16. fxe5 dxe5 17. Bxg5 Qd6 18. e4 Bd7 19. Qe2 Nh7 20. Bd2 f4 21. g4 Ng5 22. Qf2 Nh7 23. Na2 Nf6 24. Bf3 Rfc8 25. a5 b5 26. axb6 Rxb6 27. Rdb1 Rcb8 28. Nc1 Ne8 29. Ra5 Rc8 30. Nd3 e6 31. Nxc5 Rcb8 32. b4 exd5 33. exd5 Nf6 34. g5 Nh5 35. Ne4 Qe7 36. c5 Rb5 37. Rxa6 Bf5 38. Qh4 Ng3 39. Nf6+ Bxf6 40. gxf6 Qf7 41. Rba1 Bd3 42. Re6 Nf5 43. Qg5 Nd4 44. Bg4 Bf5 45. Rxe5 Bxg4 46. Qxg4 Qxf6 47. Rae1 Rf8 48. Kf2 Rb7 49. R5e4 Nf5 50. Rxf4 Rg7 51. Kg1 Qb2 52. Rf2 Qb3 53. Qf3 Qc4 54. Bh6 1-0

[Event "British Columbia-ch"]
[Site "Vancouver CAN"]
[Date "1997.06.12"]
[Round "2"]
[White "Neufahrt, Gerhard"]
[Black "Ferguson, Jim"]
[Result "0-1"]
[WhiteElo "2198"]
[BlackElo "2217"]
[PlyCount "52"]
[GameId "2160767911965643"]
[EventDate "1997.06.11"]
[EventType "tourn"]
[EventRounds "7"]
[EventCountry "CAN"]

1. Nf3 d6 2. d4 g6 3. Bf4 Bg7 4. c3 Nf6 5. Nbd2 O-O 6. e4 Nc6 7. Bc4 Qe8 8. Bg5 e5 9. d5 Ne7 10. h3 Nh5 11. Nh2 h6 12. g4 Nf4 13. Bxf4 exf4 14. Qf3 Be5 15. O-O-O b5 16. Bd3 c6 17. Nb3 a5 18. dxc6 Qxc6 19. Kb1 b4 20. Nd4 Qb6 21. Be2 bxc3 22. Qxc3 Bb7 23. Qd3 Nc6 24. Nhf3 Nb4 25. Qd2 Bxe4+ 26. Ka1 Nc2+ 0-1

[Event "British Columbia-ch"]
[Site "Vancouver CAN"]
[Date "1997.06.12"]
[Round "2"]
[White "Wright, Stephen"]
[Black "Seid, Hee"]
[Result "1-0"]
[WhiteElo "2183"]
[BlackElo "2174"]
[PlyCount "81"]
[GameId "2160767911965644"]
[EventDate "1997.06.11"]
[EventType "tourn"]
[EventRounds "7"]
[EventCountry "CAN"]

1. d4 Nf6 2. Bg5 e6 3. e4 h6 4. Bxf6 Qxf6 5. Nc3 a6 6. Qd2 g6 7. O-O-O Bg7 8. f4 O-O 9. Nf3 b5 10. e5 Qe7 11. Bd3 Bb7 12. Qe3 Nc6 13. Rhf1 Nb4 14. g4 Rac8 15. f5 exf5 16. gxf5 g5 17. Be4 Bxe4 18. Qxe4 f6 19. d5 a5 20. e6 c6 21. d6 Qe8 22. e7 Rf7 23. Nd4 Na6 24. Qe2 Nc5 25. Ne4 Nb7 26. Nb3 Rb8 27. Nbc5 Nxd6 28. Nxd6 Qxe7 29. Qd3 Bf8 30. Qb3 a4 31. Qxf7+ Qxf7 32. Nxf7 Bxc5 33. Rxd7 Bf8 34. Nd8 h5 35. Ne6 Bh6 36. c3 Rb6 37. Rfd1 g4+ 38. Kc2 Rb8 39. Rd8+ Rxd8 40. Rxd8+ Kh7 41. Kd3 1-0

[Event "British Columbia-ch"]
[Site "Vancouver CAN"]
[Date "1997.06.12"]
[Round "2"]
[White "Wu, Howard"]
[Black "Fuentebella, Mayo"]
[Result "1/2-1/2"]
[WhiteElo "2108"]
[BlackElo "2250"]
[PlyCount "134"]
[GameId "2160767911965645"]
[EventDate "1997.06.11"]
[EventType "tourn"]
[EventRounds "7"]
[EventCountry "CAN"]

1. e4 e5 2. Bc4 Nc6 3. Nf3 Nf6 4. O-O Be7 5. d3 d6 6. h3 O-O 7. Nc3 Na5 8. Bb3 c6 9. Re1 b5 10. Bg5 a6 11. Ne2 h6 12. Be3 Qc7 13. Ng3 c5 14. c3 Nxb3 15. axb3 Kh7 16. d4 g6 17. Qd2 Ng8 18. Rad1 Be6 19. d5 Bc8 20. Nxe5 dxe5 21. d6 Bxd6 22. Qxd6 Qxd6 23. Rxd6 c4 24. bxc4 bxc4 25. Rc6 Be6 26. Bc5 Rfb8 27. Ba3 Nf6 28. Rd1 Rb5 29. f3 Nh5 30. Nxh5 gxh5 31. Rdd6 a5 32. Rc7 Kg6 33. Rxc4 Kf6 34. Rcc6 h4 35. Rb6 Rb8 36. Rxb8 Rxb8 37. Ra6 Rd8 38. Bd6 a4 39. f4 exf4 40. e5+ Kf5 41. Rxa4 Bd5 42. Rd4 Be4 43. Kh2 Ra8 44. Be7 Kxe5 45. Bxh4 f5 46. Be7 Ra6 47. Ba3 Rg6 48. Rd2 f3 49. gxf3 Bxf3 50. Bc5 f4 51. b4 Ra6 52. c4 Be4 53. b5 Rg6 54. Bd4+ Kf5 55. c5 f3 56. Be3 h5 57. c6 Rg2+ 58. Rxg2 fxg2 59. c7 Bb7 60. Kg3 Ke4 61. Bg1 Kd5 62. Kh4 Bc8 63. b6 Kc6 64. Kg3 Kb7 65. Kxg2 Bd7 66. Kg3 Bc8 67. h4 Bg4 1/2-1/2

[Event "British Columbia-ch"]
[Site "Vancouver CAN"]
[Date "1997.06.12"]
[Round "3"]
[White "Ferguson, Jim"]
[Black "Wu, Howard"]
[Result "1-0"]
[WhiteElo "2217"]
[BlackElo "2108"]
[PlyCount "105"]
[GameId "2160767911965646"]
[EventDate "1997.06.11"]
[EventType "tourn"]
[EventRounds "7"]
[EventCountry "CAN"]

1. e4 c5 2. Nf3 Nc6 3. d4 cxd4 4. Nxd4 g6 5. Nc3 Bg7 6. Be3 Nf6 7. Bc4 O-O 8. Bb3 a5 9. f3 d5 10. O-O dxe4 11. Nxc6 bxc6 12. Qxd8 Rxd8 13. fxe4 Rb8 14. Rad1 Ba6 15. Rfe1 Ng4 16. Ba7 Bxc3 17. Bxb8 Bd4+ 18. Rxd4 Rxd4 19. Ba7 Rb4 20. Bc5 Rb7 21. Rd1 Nf6 22. Rd8+ Kg7 23. Ra8 Rd7 24. c3 Bb7 25. Rxa5 Nxe4 26. Bd4+ f6 27. Be6 Rd6 28. Bg4 e5 29. Be3 f5 30. Bf3 Kf6 31. Bxe4 fxe4 32. Ra7 Bc8 33. Kf2 Rd1 34. Rc7 Bd7 35. a4 Ke6 36. a5 Ra1 37. b4 Ra2+ 38. Ke1 Kd6 39. Rb7 Bg4 40. Bc5+ Kd5 41. h3 Be2 42. Rd7+ Ke6 43. Rd6+ Kf5 44. Rxc6 Kf4 45. Rf6+ Kg3 46. Rf2 Ra1+ 47. Kxe2 Ra2+ 48. Ke3 Rxf2 49. a6 Rc2 50. a7 Rxc3+ 51. Kxe4 Ra3 52. b5 Ra4+ 53. Ke3 1-0

[Event "British Columbia-ch"]
[Site "Vancouver CAN"]
[Date "1997.06.12"]
[Round "3"]
[White "Fuentebella, Mayo"]
[Black "Milicevic, Dragoljub"]
[Result "1-0"]
[WhiteElo "2250"]
[BlackElo "2245"]
[PlyCount "71"]
[GameId "2160767911965647"]
[EventDate "1997.06.11"]
[EventType "tourn"]
[EventRounds "7"]
[EventCountry "CAN"]

1. c4 f5 2. Nc3 Nf6 3. d4 g6 4. g3 Bg7 5. Bg2 O-O 6. Nf3 d6 7. O-O c6 8. b3 Qa5 9. Bb2 e5 10. Qd2 Qc7 11. dxe5 dxe5 12. Rad1 e4 13. Nd4 Ng4 14. h3 Bh6 15. Ndb5 Qb6 16. Qd6 Nxf2 17. Na4 Qe3 18. Rxf2 cxb5 19. Qd5+ Rf7 20. Qe5 Rd7 21. Qh8+ Kf7 22. Qxh7+ Ke8 23. Qxg6+ Rf7 24. Bc1 Qxc1 25. Rxc1 Bxc1 26. Bxe4 Ke7 27. Bd5 Rf8 28. Qg7+ Ke8 29. Bxb7 Nd7 30. Bxa8 bxa4 31. Qg6+ Kd8 32. Rxf5 Be3+ 33. Kg2 Re8 34. Bf3 a3 35. h4 Kc7 36. Qxe8 1-0

[Event "British Columbia-ch"]
[Site "Vancouver CAN"]
[Date "1997.06.12"]
[Round "3"]
[White "Kostadinov, George"]
[Black "Wright, Stephen"]
[Result "1/2-1/2"]
[WhiteElo "2261"]
[BlackElo "2108"]
[PlyCount "111"]
[GameId "2160767911965648"]
[EventDate "1997.06.11"]
[EventType "tourn"]
[EventRounds "7"]
[EventCountry "CAN"]

1. d4 f5 2. c4 g6 3. Nc3 Nf6 4. g3 Bg7 5. Bg2 d6 6. Qb3 c6 7. Nf3 O-O 8. O-O Na6 9. Rd1 c5 10. d5 Nc7 11. a4 Rb8 12. Qc2 Bd7 13. Ne1 b6 14. Nd3 Na6 15. Nb5 Rb7 16. Bd2 Nc7 17. Rab1 Qe8 18. b4 Na6 19. bxc5 Nxc5 20. Nxc5 bxc5 21. Nc3 Rb4 22. Nb5 Rxb1 23. Rxb1 a6 24. Nc7 Qc8 25. Ba5 Ne4 26. f3 Nc3 27. Bxc3 Qxc7 28. Bxg7 Kxg7 29. Qc3+ Kg8 30. a5 Rb8 31. Rxb8+ Qxb8 32. Bf1 Qb1 33. Kf2 Ba4 34. h4 Qb4 35. Qxb4 cxb4 36. e3 b3 37. Bd3 b2 38. e4 fxe4 39. fxe4 Bb3 40. Bb1 Bxc4 41. Ke3 Kf7 42. Kd4 Be2 43. Kc3 Kf6 44. Kxb2 h6 45. Kc3 g5 46. Kd4 gxh4 47. gxh4 Bb5 48. Bc2 Bf1 49. Bd1 Bb5 50. Bg4 Bf1 51. Bd7 Be2 52. Ke3 Bf1 53. Kf4 Bc4 54. Bg4 Bb5 55. Bf3 Bc4 56. Bg4 1/2-1/2

[Event "British Columbia-ch"]
[Site "Vancouver CAN"]
[Date "1997.06.12"]
[Round "3"]
[White "Seid, Hee"]
[Black "Neufahrt, Gerhard"]
[Result "0-1"]
[WhiteElo "2174"]
[BlackElo "2198"]
[PlyCount "114"]
[GameId "2160767911965649"]
[EventDate "1997.06.11"]
[EventType "tourn"]
[EventRounds "7"]
[EventCountry "CAN"]

1. d4 Nf6 2. c4 e5 3. dxe5 Ng4 4. Nf3 Nc6 5. Bf4 Bb4+ 6. Nbd2 Qe7 7. a3 Ngxe5 8. Nxe5 Nxe5 9. e3 Bd6 10. Be2 Ng6 11. Bxd6 Qxd6 12. Qc2 Qe5 13. Nf3 Qe7 14. O-O d6 15. Rfd1 O-O 16. Rac1 Re8 17. c5 dxc5 18. Qxc5 c6 19. Qh5 Qf6 20. Rd4 h6 21. Bc4 Be6 22. Bxe6 Rxe6 23. Rcd1 b6 24. b4 Rc8 25. Rd7 c5 26. Qd5 cxb4 27. axb4 a6 28. Qb7 Rc2 29. Qxa6 Qb2 30. Qa8+ Kh7 31. Rxf7 Rd6 32. Nd4 Rxd4 33. exd4 Rc1 34. Rxg7+ Kxg7 35. Qb7+ Kh8 36. Qf3 Rxd1+ 37. Qxd1 Qxb4 38. g3 Qd6 39. Qd2 Ne5 40. Qf4 Nc4 41. Qg4 Qc6 42. Qf4 Kg7 43. Qg4+ Kf7 44. Qf5+ Ke7 45. d5 Qc5 46. h4 b5 47. h5 b4 48. Qe6+ Kd8 49. Qxh6 b3 50. Qf6+ Qe7 51. Qh8+ Kd7 52. Qd4 b2 53. Qd1 Qe4 54. Qa4+ Kd6 55. Qc6+ Ke5 56. f4+ Kd4 57. Qf6+ Kd3 0-1

[Event "British Columbia-ch"]
[Site "Vancouver CAN"]
[Date "1997.06.13"]
[Round "4"]
[White "Fuentebella, Mayo"]
[Black "Ferguson, Jim"]
[Result "1-0"]
[WhiteElo "2250"]
[BlackElo "2217"]
[PlyCount "101"]
[GameId "2160767911965650"]
[EventDate "1997.06.11"]
[EventType "tourn"]
[EventRounds "7"]
[EventCountry "CAN"]

1. c4 g6 2. Nc3 Bg7 3. d4 d6 4. e4 Nf6 5. f3 O-O 6. Be3 e5 7. Nge2 Nbd7 8. Qd2 c6 9. d5 cxd5 10. Nxd5 Nxd5 11. Qxd5 Nb6 12. Qd3 Be6 13. b3 Bh6 14. Bxh6 Qh4+ 15. g3 Qxh6 16. Qxd6 Qe3 17. Qxe5 Qxf3 18. Rg1 Rfe8 19. Qf4 Bg4 20. e5 Nd7 21. h3 Nxe5 22. O-O-O Nd3+ 23. Rxd3 Qxd3 24. hxg4 Rad8 25. Kb2 Re4 26. Qg5 h6 27. Qc5 b6 28. Qf2 Qd2+ 29. Kb1 Qd1+ 30. Nc1 Rd2 31. Bd3 Rxf2 32. Rxd1 Rxg4 33. Ne2 h5 34. b4 h4 35. gxh4 Rxh4 36. a3 Rhh2 37. c5 bxc5 38. bxc5 Rxe2 39. Bxe2 Rxe2 40. c6 Re6 41. c7 Rb6+ 42. Ka2 Rc6 43. Rd8+ Kg7 44. c8=Q Rxc8 45. Rxc8 g5 46. Kb1 g4 47. Kc1 Kg6 48. Kd1 Kg5 49. Ke2 f5 50. Kf2 f4 51. Rc7 1-0

[Event "British Columbia-ch"]
[Site "Vancouver CAN"]
[Date "1997.06.13"]
[Round "4"]
[White "Milicevic, Dragoljub"]
[Black "Wright, Stephen"]
[Result "1-0"]
[WhiteElo "2198"]
[BlackElo "2183"]
[PlyCount "63"]
[GameId "2160767911965651"]
[EventDate "1997.06.11"]
[EventType "tourn"]
[EventRounds "7"]
[EventCountry "CAN"]

1. c4 f5 2. g3 Nf6 3. Bg2 g6 4. Nf3 Bg7 5. O-O O-O 6. d4 d6 7. Nc3 Qe8 8. d5 Na6 9. Rb1 Nc5 10. Nb5 Qd8 11. Ng5 h6 12. b4 a6 13. Nc3 hxg5 14. bxc5 Ng4 15. Na4 Ne5 16. Bxg5 dxc5 17. Nxc5 Rb8 18. Nxa6 Ra8 19. Nc5 Nxc4 20. Nxb7 Bxb7 21. Rxb7 Nd6 22. Qb3 Qd7 23. Rb4 Ra5 24. Rc1 Kf7 25. a4 Rfa8 26. Rc6 R8a7 27. h4 Ra8 28. Bf3 Rh8 29. Kg2 Qc8 30. Qc2 Ne8 31. Bf4 Ra7 32. e4 1-0

[Event "British Columbia-ch"]
[Site "Vancouver CAN"]
[Date "1997.06.13"]
[Round "4"]
[White "Neufahrt, Gerhard"]
[Black "Kostadinov, George"]
[Result "1-0"]
[WhiteElo "2198"]
[BlackElo "2261"]
[PlyCount "51"]
[GameId "2160767911965652"]
[EventDate "1997.06.11"]
[EventType "tourn"]
[EventRounds "7"]
[EventCountry "CAN"]

1. Nf3 Nf6 2. d4 d6 3. Bg5 Nbd7 4. Nbd2 g6 5. e4 e5 6. c3 Bg7 7. Bc4 c6 8. dxe5 dxe5 9. Qe2 Qc7 10. h3 O-O 11. Nh2 Kh8 12. Ng4 Ng8 13. h4 h5 14. Nh2 Ndf6 15. Rd1 Nh7 16. g4 f5 17. gxf5 gxf5 18. Qxh5 Ngf6 19. Bxf6 Rxf6 20. Ndf3 Rh6 21. Qe8+ Nf8 22. Ng5 Rxh4 23. Nf7+ Kh7 24. Ng5+ Kh8 25. Rd8 Bd7 26. Qf7 1-0

[Event "British Columbia-ch"]
[Site "Vancouver CAN"]
[Date "1997.06.13"]
[Round "4"]
[White "Wu, Howard"]
[Black "Seid, Hee"]
[Result "0-1"]
[WhiteElo "2108"]
[BlackElo "2174"]
[PlyCount "108"]
[GameId "2160767911965653"]
[EventDate "1997.06.11"]
[EventType "tourn"]
[EventRounds "7"]
[EventCountry "CAN"]

1. e4 c5 2. Nc3 e6 3. g3 Nc6 4. Bg2 Rb8 5. d3 b5 6. f4 b4 7. Nce2 g6 8. Nf3 Bg7 9. O-O Nge7 10. g4 f5 11. gxf5 exf5 12. Be3 d6 13. e5 Nd5 14. Bf2 dxe5 15. Bxc5 Rb5 16. Bf2 exf4 17. Ned4 Nxd4 18. Nxd4 Bxd4 19. Bxd4 O-O 20. c4 bxc3 21. bxc3 Rb2 22. c4 Ne3 23. Bxe3 fxe3 24. Bd5+ Kg7 25. Qf3 Qd6 26. Qg3 f4 27. Qf3 Qf6 28. Rae1 Qh4 29. Re2 Rxe2 30. Qxe2 Qg4+ 31. Qg2 g5 32. Rb1 Qxg2+ 33. Kxg2 g4 34. Be4 f3+ 35. Kf1 h5 36. Rb5 Kh6 37. Re5 g3 38. Bxf3 Rxf3+ 39. Kg2 gxh2 40. Kxh2 Bg4 41. c5 e2 42. Rxe2 Rh3+ 43. Kg2 Rh2+ 44. Kxh2 Bxe2 45. d4 Bf3 46. Kh3 Kg5 47. Kg3 Bd5 48. a3 a5 49. Kh3 a4 50. Kg3 Bc6 51. Kh3 Kf4 52. Kh4 Ke4 53. Kxh5 Kxd4 54. Kg4 Kc3 0-1

[Event "British Columbia-ch"]
[Site "Vancouver CAN"]
[Date "1997.06.13"]
[Round "5"]
[White "Ferguson, Jim"]
[Black "Milicevic, Dragoljub"]
[Result "0-1"]
[WhiteElo "2217"]
[BlackElo "2245"]
[PlyCount "56"]
[GameId "2160767911965654"]
[EventDate "1997.06.11"]
[EventType "tourn"]
[EventRounds "7"]
[EventCountry "CAN"]

1. f4 b6 2. Nf3 Bb7 3. e3 g6 4. d4 Bg7 5. Bd3 f5 6. Nbd2 Nf6 7. b3 O-O 8. Bb2 e6 9. Qe2 a5 10. h3 Qe7 11. Rg1 Ne4 12. g4 Nc5 13. dxc5 Bxb2 14. Rb1 Bc3 15. cxb6 cxb6 16. Kf2 d5 17. Nd4 Nc6 18. N2f3 e5 19. Nxc6 Bxc6 20. gxf5 e4 21. fxg6 h6 22. Bb5 exf3 23. Qxf3 Bb7 24. Qh5 Kg7 25. Rg4 Bd2 26. Rg3 d4 27. f5 Bxe3+ 28. Kf1 Qe4 0-1

[Event "British Columbia-ch"]
[Site "Vancouver CAN"]
[Date "1997.06.13"]
[Round "5"]
[White "Kostadinov, George"]
[Black "Wu, Howard"]
[Result "0-1"]
[WhiteElo "2261"]
[BlackElo "2108"]
[PlyCount "58"]
[GameId "2160767911965655"]
[EventDate "1997.06.11"]
[EventType "tourn"]
[EventRounds "7"]
[EventCountry "CAN"]

1. d4 c5 2. d5 Nf6 3. Nc3 d6 4. e4 g6 5. f4 e6 6. Nf3 Bg7 7. Be2 exd5 8. exd5 O-O 9. O-O a6 10. a4 Re8 11. Nd2 Nbd7 12. g4 Kh8 13. Bf3 Rb8 14. Nc4 Nb6 15. Nxb6 Qxb6 16. a5 Qc7 17. Bd2 Bd7 18. Na4 Bb5 19. Re1 Rxe1+ 20. Bxe1 Qe7 21. Ra3 Nd7 22. Bf2 Qf6 23. Qd2 Bxa4 24. Rxa4 Qxb2 25. Re4 Qc3 26. Qe2 Kg8 27. Re8+ Rxe8 28. Qxe8+ Nf8 29. Qe7 Qxf3 0-1

[Event "British Columbia-ch"]
[Site "Vancouver CAN"]
[Date "1997.06.13"]
[Round "5"]
[White "Seid, Hee"]
[Black "Fuentebella, Mayo"]
[Result "1/2-1/2"]
[WhiteElo "2174"]
[BlackElo "2250"]
[PlyCount "43"]
[GameId "2160767911965656"]
[EventDate "1997.06.11"]
[EventType "tourn"]
[EventRounds "7"]
[EventCountry "CAN"]

1. Nf3 d5 2. d4 Bf5 3. c4 c6 4. cxd5 Bxb1 5. Rxb1 Qxd5 6. a3 Nf6 7. e3 Nbd7 8. Qc2 e6 9. Bc4 Qh5 10. O-O g5 11. e4 g4 12. Ne1 Qg6 13. Bd3 e5 14. Be3 Bd6 15. g3 h5 16. Ng2 h4 17. Nxh4 Qh5 18. Be2 Qg6 19. Bd3 Qh5 20. Be2 Qg6 21. Bd3 Qh5 22. Be2 1/2-1/2

[Event "British Columbia-ch"]
[Site "Vancouver CAN"]
[Date "1997.06.13"]
[Round "5"]
[White "Wright, Stephen"]
[Black "Neufahrt, Gerhard"]
[Result "0-1"]
[WhiteElo "2183"]
[BlackElo "2198"]
[PlyCount "110"]
[GameId "2160767911965657"]
[EventDate "1997.06.11"]
[EventType "tourn"]
[EventRounds "7"]
[EventCountry "CAN"]

1. d4 Nf6 2. Bg5 d5 3. Bxf6 exf6 4. e3 Bd6 5. c4 c6 6. Nc3 Be6 7. cxd5 cxd5 8. g3 Nc6 9. Bg2 Ne7 10. Nge2 Qd7 11. Qb3 Rc8 12. O-O Bb8 13. Rac1 O-O 14. a4 h5 15. Nf4 Bxf4 16. exf4 Rfd8 17. Rfd1 Nc6 18. f5 Bxf5 19. Qxd5 Bg4 20. Qxd7 Rxd7 21. d5 Ne5 22. Rf1 Nd3 23. Rb1 Nxb2 24. Rxb2 Rxc3 25. h3 Bf5 26. Re1 Ra3 27. Rb4 Bc2 28. Re8+ Kh7 29. Rh4 g6 30. Be4 Bxe4 31. Rhxe4 Rd3 32. Rf8 Kg7 33. Ree8 f5 34. Ra8 a6 35. Rg8+ Kf6 36. Rgb8 R3xd5 37. Ra7 Ra5 38. Raxb7 Rxb7 39. Rxb7 Rxa4 40. Rb6+ Ke5 41. h4 f4 42. Kg2 a5 43. Rb7 f6 44. Rb6 fxg3 45. fxg3 Kf5 46. Kh3 Rb4 47. Ra6 Rb5 48. Rc6 g5 49. hxg5 fxg5 50. Rd6 Ke4 51. Rh6 a4 52. Ra6 Rb4 53. Rd6 a3 54. Ra6 Rb3 55. Ra5 h4 0-1